A-Z wildlife - Statistics

General Stats
  • This quiz has been taken 394 times
    240 since last reset
  • The average score is 20 of 26
Answer Stats
Picture Answer % Correct
Elephant
98%
Donkey
96%
Penguin
96%
Alpaca
93%
Kangaroo
92%
Bison
91%
Jaguar
91%
Lemur
91%
Zebra
90%
Orangutan
89%
Walrus
89%
Hippopotamus
87%
Vulture
86%
Tortoise
85%
Chipmunk
81%
Sealion
78%
Yak
77%
Gazelle
75%
Rattlesnake
74%
Macaw
73%
Quail
66%
Newt
58%
Fennec
49%
Ibis
47%
X-Ray fish
29%
Uakari
13%
No matching quizzes found
Score Distribution
Percent of People with Each Score
Percentile by Number Answered
Your Score History
You have not taken this quiz since the last reset